| Tag |
First Indicator |
Second Indicator |
Subfields |
| LEADER |
00000cam a2200000 a 4500 |
| 001 |
in00000002042 |
| 008 |
970915s1997 dcu f000 0 eng d |
| 005 |
20230310162302.6 |
| 035 |
|
|
|a (OCoLC)37624521
|
| 035 |
|
|
|9 AJE6367AM
|
| 035 |
|
|
|a in00000002042
|
| 040 |
|
|
|d GPO
|d DLC
|d MvI
|d UtOrBLW
|
| 043 |
|
|
|a n-us---
|
| 049 |
|
|
|a UDOC
|a UDOC
|
| 049 |
|
|
|a WWW
|
| 074 |
|
|
|a 0473-B-01
|
| 074 |
|
|
|a 0473-B-01 (online)
|
| 086 |
0 |
|
|a EP 5.2:P 76/22/EXEC.SUM.
|
| 088 |
|
|
|a EPA 742-S-97-001
|
| 090 |
|
|
|a TD180
|b .P6n 1997
|
| 245 |
0 |
0 |
|a Pollution prevention 1997 :
|b a national progress report.
|p Executive summary.
|
| 264 |
|
1 |
|a Washington, DC :
|b U.S. Environmental Protection Agency, Office of Pollution Prevention and Toxics,
|c [1997]
|
| 300 |
|
|
|a 14 pages ;
|c 24 cm.
|
| 336 |
|
|
|a text
|b txt
|2 rdacontent
|
| 337 |
|
|
|a unmediated
|b n
|2 rdamedia
|
| 338 |
|
|
|a volume
|b nc
|2 rdacarrier
|
| 500 |
|
|
|a Cover title.
|
| 500 |
|
|
|a Shipping list number: 99-0123-P.
|
| 500 |
|
|
|a "June 1997."
|
| 500 |
|
|
|a "EPA 742-S-97-001."
|
| 530 |
|
|
|a Also available via Internet from the EPA web site (PDF file only).
|
| 650 |
|
0 |
|a Pollution prevention
|z United States.
|
| 650 |
|
0 |
|a Environmental protection
|z United States.
|
| 650 |
|
0 |
|a Environmental policy
|z United States.
|
| 710 |
1 |
|
|a United States.
|b Environmental Protection Agency.
|b Office of Pollution Prevention and Toxics.
|
| 856 |
4 |
1 |
|u https://purl.fdlp.gov/GPO/LPS2491
|z Adobe Acrobat Reader required to view document
|z PURL accesses the full progress report, from which a link may be made to the Executive summary
|t 0
|
| 999 |
|
|
|a MARS
|
| 999 |
f |
f |
|i a6282d56-72bb-3271-b83e-55171e63ffd7
|s cd34938a-8362-381d-a13c-31ab21ebbd33
|t 0
|
| 952 |
f |
f |
|p normal
|a Texas A&M University
|b College Station
|c Sterling C. Evans Library
|d Evans: US Documents (Annex 5th floor)
|t 0
|e EP 5.2:P 76/22/EXEC.SUM
|h Superintendent of Documents classification
|i unmediated -- volume
|m A14824458989
|
| 952 |
f |
f |
|a Texas A&M University
|b College Station
|c Electronic Resources
|d Available Online
|t 0
|e EP 5.2:P 76/22/EXEC.SUM
|h Superintendent of Documents classification
|
| 998 |
f |
f |
|a EP 5.2:P 76/22/EXEC.SUM
|t 0
|l Evans: US Documents (Annex 5th floor)
|
| 998 |
f |
f |
|a EP 5.2:P 76/22/EXEC.SUM
|t 0
|l Available Online
|